FC Bayern München 2025/2026 Kader - Statistiken

Allgemein
  • Dieses Quiz wurde 353 mal gespielt
    40 seit der letzten Aktualisierung
  • Das Durchschnittsergebnis liegt bei 20 aus 28
Antwortstatistiken
Position Land Trikotnummer Alter Spieler % Korrekt
Tw Deutschland 1 40 Neuer Manuel
100%
Tw Deutschland 40 22 Urbig Jonas
100%
Ver Kanada 19 25 Davies Alphonso
93%
Att Kolumbien 14 29 Diáz Luis
93%
Ver Süd Korea 3 29 Kim Min-Jae
93%
Att England 9 32 Kane Harry
93%
Mit Deutschland 6 31 Kimmich Joshua
93%
Mit Österreich 27 28 Laimer Konrad
93%
Ver Kroatien 44 25 Stanišić Josip
93%
Ver Frankreich 2 27 Upamecano Dayot
93%
Ver Japan 21 26 Itō Hiroki
90%
Mit Frankreich 17 24 Olise Michael
90%
Mit Deutschland 8 31 Goretzka Leon
86%
Trainer Belgien --------------- 39 Kompany Vincent
86%
Mit Deutschland 42 18 Karl Lennart
83%
Mit Deutschland 10 23 Musiala Jamal
83%
Ver Deutschland 4 30 Tah Jonathan
83%
Mit Deutschland 45 21 Pavlović Aleksandar
79%
Ver Portugal 22 32 Guerreiro Raphaël
76%
Att Senegal 11 24 Jackson Nicolas
76%
Att Deutschland 7 30 Gnabry Serge
72%
Mit Deutschland 20 20 Bischof Tom
69%
Tw Deutschland 26 37 Ulreich Sven
69%
Mit Deutschland 36 17 Mike Wisdom
21%
Mit Portugal 47 19 Daiber David
14%
Ver Deutschland 30 17 Kiala Cassiano
14%
Mit Brasilien 49 17 Cardozo Maycon
0%
Mit Deutschland 38 16 Osmani Erblin
0%
Keine übereinstimmenden Quizze gefunden
Verteilung der Resultate
Anzahl Personen mit jedem Resultat
Perzentil nach korrekt beantworteten Fragen
Ihre Resultats-Entwicklung
Sie haben dieses Quiz seit der letzten Aktualisierung nicht gespielt